History Quiz

Random History or Country Quiz

1955 Social Studies Test Quiz Stats

 Plays Quiz Updated Oct 23, 2018

Score 0/24 Timer 06:00
1 Play Today
Question Answer % Correct
How many stars are on the US flag?48
96.6%
How many female US Supreme Court justices have there been?None
94.5%
How many Catholic US presidents have there been?None
84%
What is the minimum voting age in Ohio?21
83.9%
Who is the monarch of the United Kingdom?Elizabeth II
82.8%
What is the currency of France?Franc
81.9%
Which political party carried Alabama in the last presidential election?Democratic
80.4%
What is the second-largest US state in area?California
79.3%
Who is the current US President?Dwight D. Eisenhower
78.5%
What is the capital of Brazil?Rio de Janeiro
73.8%
What is the currency of Italy?Lira
68.7%
Bonn is the capital of what country?West Germany
66%
Question Answer % Correct
Prague is the capital of what country?Czechoslovakia
65.8%
What two words were added to the Pledge of Allegiance last year?Under God
63.9%
Belgrade is the capital of what country?Yugoslavia
63.7%
Name either of the two most populous cities in India.Bombay and Calcutta
59.5%
What is the second most populous city in the USSR?Leningrad
57.6%
According to the last census, what is the third-largest US city (by population)?Philadelphia
55.5%
What is the tallest mountain in the US (including its territories)?Mount McKinley
55.5%
The big 'country' (actually a colony) that borders Northern Rhodesia is the _______ Congo.Belgian
51.6%
Who was Prime Minister of the UK on January 1st?Winston Churchill
51.4%
What US federal holiday is celebrated on February 22?George Washington's Birthday
49.9%
The last names shared by two US Presidents are Adams, Roosevelt, and __________.Harrison
49%
What is the largely-Buddhist island nation south of India?Ceylon
43%

You're not logged in!

Compare scores with friends on all Sporcle quizzes.
OR
Log In

You Might Also Like...

Show Comments

Extras

Top Quizzes Today


Score Distribution

Your Account Isn't Verified!

In order to create a playlist on Sporcle, you need to verify the email address you used during registration. Go to your Sporcle Settings to finish the process.

Report this User

Report this user for behavior that violates our Community Guidelines.

Details: